00977nam a2200217 a 450000100100000000500170001000800410002702000150006804000250008310000350010824500810014326000680022430000200029249000340031270000280034683000410037495201110041595201110052695201050063799900170074200004029120201002034033.0130802s2004 mx 000 0 spa d a9703220207 aDO-SdBNPbspacBNPHU1 aLoyola, San Ignancio de96657110aAutobiografía /cSan Ignancio de lo Yola ; introducción Ignacio Solares. aMéxico :bUniversidad Nacional Autónoma de México,c2004. a89 p. ;c18 cm.1 aRelato Licenciado Vidrierav31 aSolares, Ignacio966572 0aRelato Licenciado Vidrierav3966234 001050718MOaGRbGRcCTd2013-08-21iLF1l0o p40291-10r2020-06-25te. 2w2020-06-25y1ZNo se presta 001050718MOaGRbGRcCTd2013-08-21iLF1l0o p40291-20r2020-06-25te. 3w2020-06-25y1ZNo se presta 001050718MOaGRbGRcCTd2013-08-21iLF1l0o p40291-30r2020-06-25w2020-06-25y1ZNo se presta c39781d39781